00242nam a2200109Ia 4500008004100000100000900041245002700050260001700077650001400094942000700108999001700115190216s9999||||xx |||||||||||||| ||und|| aNull 0aNindidarum Peeditharum bNbs Kottayam aMalayalam cBK c25362d25362